[Event "Bayerische EM 2019 Allgemeine Gruppe"]
[Site "Rosenheim"]
[Date "2019.08.31"]
[Round "9.14"]
[White "Bensch, Patrick"]
[Black "Pfadenhauer, Johannes"]
[Result "1-0"]
[WhiteElo "2197"]
[BlackElo "2167"]
[PlyCount "97"]
[EventDate "2019.??.??"]
[WhiteTeam "SC Rottal-Inn"]
[BlackTeam "TSV Bindlach Aktionaer"]

1. e4 c5 2. Nf3 Nc6 3. d4 cxd4 4. Nxd4 g6 5. c4 Nf6 6. Nc3 Nxd4 7. Qxd4 d6 8.
Be2 Bg7 9. O-O O-O 10. Qe3 a5 11. Bd2 Nd7 12. Rfd1 Nc5 13. Be1 f5 14. exf5 Bxf5
15. Rac1 Qd7 16. Nd5 Rae8 17. Bc3 Bxc3 18. Qxc3 Bg4 19. f3 Be6 20. b3 Bxd5 21.
Rxd5 Qe6 22. Bf1 b6 23. a3 Qf6 24. Qxf6 Rxf6 25. b4 axb4 26. axb4 Nd7 27. Ra1
Rd8 28. Ra7 Kf8 29. Rb5 Ke8 30. g3 Rc8 31. f4 Kd8 32. Kf2 Rc7 33. Ra8+ Rc8 34.
Ra7 Rc7 35. Ra8+ Rc8 36. Ra2 Rf5 37. Rxf5 gxf5 38. Ke3 Nf6 39. Kd4 e6 40. Ra7
Rc7 41. Ra8+ Rc8 42. Ra6 Nd7 43. Bd3 h6 44. Be2 Nb8 45. Rxb6 Kc7 46. c5 dxc5+
47. bxc5 Nc6+ 48. Ke3 Ra8 49. Rxc6+ 1-0